000 00898nam a2200265Ia 4500
005 20220120104944.0
008 130821s2005 ag gr spa
020 _a9871105959
020 _a9789682325700
040 _aCo-BoUCM
_bspa
_cDeissy Garcia (modificó)
_d[Nuevo]
041 0 0 _aspa
100 1 _aBauman, Zygmunt
_d1925-
_953406
245 1 0 _aÉtica posmoderna
_cZygmunt Bauman ; traducción de Bertha Ruiz de la Concha
260 _aBuenos Aires (Argentina)
_bSiglo XXI Editores
_c2005
300 _a296 páginas
490 0 _aSociología y política
504 _aIncluye referencias bibliográficas e índices
650 0 4 _aÉtica
_9195
650 0 4 _aÉtica social
_915261
650 0 4 _aPostmodernidad
_922120
700 1 _aRuiz de la Concha, Bertha
_9136735
765 _tPosmodern ethics
942 _cLIBRO
_a2
_e1
_mB347e
_2DEWEY
_h177
_n0
999 _c51665
_d51665